000 00560nam a22001695i 4500
001 168236
003 ES-MaACL
005 20230906213728.0
008 990916s1896 fr |||| | spa d
100 1 _aZorrilla de San Martín, Juan.
_9118357
245 1 0 _aResonancias del camino /
_cJuan Zorrilla de San Martin.
260 _aParis :
_b[s.n.],
_c1896 (
_fImp. Nouvelle - Association Ouvrière)
300 _a364 p. ;
_c19 cm.
651 0 _aEuropa-
_xDescripción-
_yS.XIX.
_98595
752 _aFrancia -
_dParís
852 _aES-MaACL
_jG-7404
_z- Enc. hol.
999 _c168236
_d168236